| 000 | 00343nam a2200133Ia 4500 | ||
|---|---|---|---|
| 008 | 240624s9999 xx 000 0 und d | ||
| 041 | _aeng | ||
| 082 | _a658.4 FIN | ||
| 100 | _aFINDLAY GRAEME | ||
| 245 | _aEVOLVE HOW EXCEPTIONAL LEADERS LEVERAGE | ||
| 260 |
_c2019 _aLondon _bRoutledge |
||
| 300 | _axiv, 235 p.; 23 cm. | ||
| 365 |
_cBPS _b33 |
||
| 999 |
_c32215 _d32215 |
||